000
00343pab a2200145 454500
008
180718b2000 xxu||||| |||| 00| 0 eng d
100
_a
Kadvekar, S.V.
245
_a
Action research in management
260
_c
2000
300
_a
p.12-13
362
_a
31 Jan
650
_a
Management education
773
_a
University News
909
_a
43806
999
_c
43806
_d
43806